000 00612nam a2200205 4500
999 _c171859
_d171859
005 20221213114602.0
010 _aENG-127511 ENG-135839
020 _a9788187649656
_c250.00
035 _aEN-111043
035 _aEN-119371
037 _bDBAD/PUB
082 _a840
100 _aPritchett, Frances W
245 _aNets of Awareness/
_cby Frances W.Pritchett
260 _aNew Delhi
_bKatha Urdu Library
_c2004
270 _aA-3 Sarvodaya Enclave Sri Aurobindo Marg
_bNew Delhi
_e110017
300 _a234p.
_c23cm(pbk
500 _aincludes bibliographical references and index
942 _2ddc
_cEN
_hS
_mPRI